Diseño de pavimento flexible para tramo de 6.06 Km Masaya- Las Flores

Presenta el diseño de la estructura de pavimento flexible del tramo de 6.06 kilometro, ubicado en Las Flores, comunidad de Masaya por medio del método AASHTO 93.Asimismo hace un análisis de estudio de suelos y estudio de tránsito.

Bibliographic Details
Main Author: Cortez Mayorga, Hernán Manuel
Other Authors: Tutor: Bustamante Arteaga, José Fernando
Format: Tesis Section = Libro
Language:Undetermined
Spanish
Published: Managua UNI 2015
Subjects:
LEADER 01014nam a2200253Ia 4500
008 240830s9999 xx 000 0 und d
040 |a BIBLIOTECA-RUPAP T.Mon 625.85 C828 
041 |a spa 
082 |a T.Mon 625.85 C828 
100 1 |a Cortez Mayorga, Hernán Manuel 
245 1 0 |a Diseño de pavimento flexible para tramo de 6.06 Km Masaya- Las Flores 
260 |a Managua  |b UNI  |c 2015 
300 |a 84 p. :il. 
500 |a Contiene: anexos e Incluye: CD. 
502 |a Tesis (Ingeniero Civil)- UNI, 2015. 
520 3 |a Presenta el diseño de la estructura de pavimento flexible del tramo de 6.06 kilometro, ubicado en Las Flores, comunidad de Masaya por medio del método AASHTO 93.Asimismo hace un análisis de estudio de suelos y estudio de tránsito. 
650 7 |a PAVIMENTOS-DISEÑO 
650 7 |b PAVIMENTOS FLEXIBLES 
650 7 |c ANALISIS GEOTECNICO 
650 7 |e INGENIERIA DE CARRETERA 
700 1 |a Tutor:  |b Bustamante Arteaga, José Fernando 
942 |c BK  |2 ddc 
991 |a TESIS 
999 |c 18305